Hematología y oncología pediátricas / (Registro nro. 186676)

Detalles MARC
000 -LEADER
campo de control de longitud fija 01292nam a2200325 i 4500
001 - NÚMERO DE CONTROL
campo de control 186676
003 - IDENTIFICADOR DE NÚMERO DE CONTROL
campo de control SpMaBN
005 - FECHA Y HORA DE LA ÚLTIMA TRANSACCIÓN
campo de control 20231210163539.0
008 - DATOS DE LONGITUD FIJA--INFORMACIÓN GENERAL
campo de control de longitud fija 170131s2015 sp ad |||| | spa d
020 ## - NÚMERO INTERNACIONAL ESTÁNDAR DEL LIBRO
Número Internacional Estándar del Libro 978-84-16270-18-7
080 ## - NÚMERO DE LA CLASIFICACIÓN DECIMAL UNIVERSAL
Número de la Clasificación Decimal Universal 616.15-053.2
080 ## - NÚMERO DE LA CLASIFICACIÓN DECIMAL UNIVERSAL
Número de la Clasificación Decimal Universal 616-006-053.2
245 00 - MENCIÓN DEL TÍTULO
Título Hematología y oncología pediátricas /
Mención de responsabilidad, etc. Luis Madero López, Álvaro Lassaletta Atienza, Julián Sevilla Navarro ; [autores, Tomás Acha García ... et al.].
250 ## - MENCION DE EDICION
Mención de edición 3ª ed.
260 ## - PUBLICACIÓN, DISTRIBUCIÓN, ETC.
Lugar de publicación, distribución, etc. Majadahonda, Madrid :
Nombre del editor, distribuidor, etc. Ergon,
Fecha de publicación, distribución, etc. 2015.
300 ## - DESCRIPCIÓN FÍSICA
Extensión 849 p. :
Otras características físicas il. col. y n., gráf. ;
Dimensiones 30 cm.
500 ## - NOTA GENERAL
Nota general Índice.
504 ## - NOTA DE BIBLIOGRAFÍA, ETC.
Nota de bibliografía, etc. Referencias bibliográficas.
650 07 - PUNTO DE ACCESO ADICIONAL DE MATERIA--TÉRMINO DE MATERIA
Término de materia o nombre geográfico como elemento de entrada Hematología pediátrica.
9 (RLIN) 161618
650 #7 - PUNTO DE ACCESO ADICIONAL DE MATERIA--TÉRMINO DE MATERIA
Término de materia o nombre geográfico como elemento de entrada Oncología.
9 (RLIN) 15704
700 1# - ENTRADA AGREGADA--NOMBRE PERSONAL
Nombre de persona Madero López, Luis.
9 (RLIN) 161615
700 1# - ENTRADA AGREGADA--NOMBRE PERSONAL
Nombre de persona Lassaletta Atienza, Álvaro.
9 (RLIN) 161616
700 1# - ENTRADA AGREGADA--NOMBRE PERSONAL
Nombre de persona Sevilla Navarro, Julián.
9 (RLIN) 161617
852 ## - LOCALIZACIÓN
Ubicación ES-MaACL
Número de control de estantería A-13976
itemnumber 193733
Sublocalización o colección R.151349
Ubicación en estantería Depósito 1
Signatura antigua Olim: N-6976
Anotaciones manuscritas Dedicatoria autógrafa
Donativo/Legado Donación: Luis Madero López, Álvaro Lassaletta Atienza, Julián Sevilla Navarro
903 ## - NOMBRE PERSONAL DE DONANTE
9 161615
a Madero López, Luis
e Donante
903 ## - NOMBRE PERSONAL DE DONANTE
9 161616
a Lassaletta Atienza, Álvaro
e Donante
903 ## - NOMBRE PERSONAL DE DONANTE
9 161617
a Sevilla Navarro, Julián
e Donante
942 ## - ELEMENTOS DE ENTRADA SECUNDARIOS (KOHA)
Fuente del sistema de clasificación o colocación Clasificación decimal universal
Tipo de ítem Koha Libro impreso
Existencias
Estatus retirado Estado de pérdida Fuente del sistema de clasificación o colocación Estado de daño No para préstamo Colección Biblioteca de origen Biblioteca actual Ubicación en estantería Fecha de adquisición Fuente de adquisición Total de préstamos Signatura topográfica completa Código de barras Visto por última vez Precio de reemplazo Tipo de ítem Koha Nota pública
    Clasificación decimal universal     Libros con dedicatorias Biblioteca del Ateneo de Madrid Biblioteca del Ateneo de Madrid Depósito 1 31/01/2017 Donación   A-13976 1196910 23/02/2023 23/02/2023 Libro impreso Dedicatoria autógrafa